Llwytho...
Hindi saahithya ka aadikaal /
| Prif Awdur: | |
|---|---|
| Fformat: | Printed Book |
| Iaith: | Hindi |
| Cyhoeddwyd: |
Allahabad :
Jaibhaarathi Prakaashan ,
1995.
|
| Pynciau: |
| LEADER | 00526nam a2200145Ia 4500 | ||
|---|---|---|---|
| 008 | 150624b xxu||||| |||| 00| | hin d | ||
| 082 | |a 8609 | ||
| 100 | |a Ranjit Singh | ||
| 245 | |c Ranjit Singh |a Hindi saahithya ka aadikaal / | ||
| 260 | |a Allahabad : |b Jaibhaarathi Prakaashan , |c 1995. | ||
| 546 | |a In Hindi. | ||
| 653 | |a Hindi Literature. | ||
| 942 | |c BK | ||
| 999 | |c 92787 |d 92787 | ||
| 952 | |0 0 |1 0 |4 0 |6 8609_000000000000000_RAN_H |7 0 |9 92729 |a UL |b UL |c ST1 |d 2000-07-04 |e JPN |l 5 |m 2 |o 8609 RAN/H |p 73981 |r 2014-05-20 |s 2014-04-07 |v 80.00 |w 2012-10-27 |y BK | ||